<?xml version="1.0" encoding="UTF-8"?>
<collection xmlns="http://www.loc.gov/MARC21/slim">
 <record>
  <leader>01027naa a2200193 i 4500</leader>
  <controlfield tag="001">acta88525</controlfield>
  <controlfield tag="005">20250911151406.0</controlfield>
  <controlfield tag="008">250911s1999    hu      o     100   hun d</controlfield>
  <datafield tag="040" ind1=" " ind2=" ">
   <subfield code="a">SZTE Egyetemi Kiadványok Repozitórium</subfield>
   <subfield code="b">hun</subfield>
  </datafield>
  <datafield tag="041" ind1=" " ind2=" ">
   <subfield code="a">hun</subfield>
  </datafield>
  <datafield tag="100" ind1="1" ind2=" ">
   <subfield code="a">Rakonczay Zoltán</subfield>
  </datafield>
  <datafield tag="245" ind1="1" ind2="0">
   <subfield code="a">Hő-sokk fehérje induktor vegyületek vizsgálata egér fibroblaszt sejtvonalban </subfield>
   <subfield code="h">[elektronikus dokumentum] :</subfield>
   <subfield code="b">[absztrakt] /</subfield>
   <subfield code="c"> Rakonczay Zoltán</subfield>
  </datafield>
  <datafield tag="260" ind1=" " ind2=" ">
   <subfield code="a">Szent-Györgyi Albert Orvostudományi Egyetem</subfield>
   <subfield code="b">Szeged</subfield>
   <subfield code="c">1999</subfield>
  </datafield>
  <datafield tag="490" ind1="0" ind2=" ">
   <subfield code="a">Szent-Györgyi Albert Orvostudományi Egyetem : Házi Tudományos Diákköri Konferencia</subfield>
  </datafield>
  <datafield tag="650" ind1=" " ind2="4">
   <subfield code="a">Orvos- és egészségtudomány</subfield>
  </datafield>
  <datafield tag="650" ind1=" " ind2="4">
   <subfield code="a">Általános orvostudomány</subfield>
  </datafield>
  <datafield tag="695" ind1=" " ind2=" ">
   <subfield code="a">Biokémia - előadáskivonat, Sejtbiológia - előadáskivonat, Gyógyszertan - előadáskivonat</subfield>
  </datafield>
  <datafield tag="711" ind1=" " ind2=" ">
   <subfield code="a">Szent-Györgyi Albert Orvostudományi Egyetem : Házi Tudományos Diákköri Konferencia</subfield>
   <subfield code="c">Szeged</subfield>
   <subfield code="d">1999. február 18-20.</subfield>
  </datafield>
  <datafield tag="856" ind1="4" ind2="0">
   <subfield code="u">http://acta.bibl.u-szeged.hu/88525/1/szote_htdk_1999_055.pdf</subfield>
   <subfield code="z">Dokumentum-elérés </subfield>
  </datafield>
 </record>
</collection>
